LIBRARY & INFORMATION CENTRE, KCAET, TAVANUR

ONLINE PUBLIC ACCESS CATALOGUE (OPAC)

Dairy plant systems engineering / (Record no. 11106)

MARC details
000 -LEADER
fixed length control field 00419cam a2200169ua 4500
041 ## - LANGUAGE CODE
Language code of text/sound track or separate title eng
082 ## - DEWEY DECIMAL CLASSIFICATION NUMBER
Classification number 637.14
Item number AHM/DA
100 ## - MAIN ENTRY--AUTHOR NAME
Personal name Ahmad, Tufail .
245 ## - TITLE STATEMENT
Title Dairy plant systems engineering /
260 ## - PUBLICATION, DISTRIBUTION, ETC. (IMPRINT)
Place of publication Allahabad :
Name of publisher Kitab Mahal ,
Year of publication 1985.
300 ## - PHYSICAL DESCRIPTION
Number of Pages 466 ; .
942 ## - ADDED ENTRY ELEMENTS (KOHA)
Koha item type Books
Holdings
Withdrawn status Lost status Damaged status Home library Current library Shelving location Date acquired Full call number Accession Number Koha item type
    Damaged KAUAET KAUAET Binding Shelf 27/03/1987 637.14 16183 Books
free website counter